Statistics for Famous Bens Quiz

Click here to take the quiz!

General Stats

  • This quiz has been taken 29,411 times
    (7,926 since last reset)
  • The average score is 13 of 20

Answer Stats

ClueFamous Ben% Correct
He's on the $100 billBenjamin Franklin
98%
Nickname for the bell in Westminster PalaceBig Ben
94%
Variety of tiger that lives in the Indian subcontinentBengal Tiger
86%
He had a curious case of aging backwardsBenjamin Button
85%
Matt Damon's friendBen Affleck
84%
Actor who met the parentsBen Stiller
80%
Charlton Heston movie about a charioteerBen-Hur
78%
"Blood alone moves the wheels of history", said this Italian leaderBenito Mussolini
71%
British actor who has starred as Sherlock Holmes and Dr. StrangeBenedict Cumberbatch
68%
Prime Minister of Israel, 2009–2021Benjamin Netanyahu
62%
City in Libya where the U.S. embassy was attacked in 2012Benghazi
60%
Star of the movie "Gandhi"Ben Kingsley
59%
British luxury car makerBentley
59%
Term that refers to Belgium, Netherlands, and LuxembourgBenelux
56%
Tallest mountain in the British IslesBen Nevis
54%
"Baby and Child Care" author - not to be confused with a Star Trek characterBenjamin Spock
51%
UK Prime Minister, 1874–1880Benjamin Disraeli
50%
First female Prime Minister of Pakistan, assassinated in 2007Benazir Bhutto
44%
U.S. President, 1889-1893Benjamin Harrison
44%
General who defected to the British during the American RevolutionBenedict Arnold
43%

Score Distribution

Percentile by Number Answered

Percent of People with Each Score

Your Score History

You have not taken this quiz since the last reset